000 00733nam a2200241Ia 4500
005 20260430150316.0
008 008 250103s9999 xx 000 0 eng d
037 _aTheses
040 _aCRL
040 _beng
040 _ceng
041 _2eng
041 _aeng
084 _qCRL
100 _aAgarwal Tarubhi Au.; Asthana Neelima Gu.
_91237105
245 2 _aA Study on Dietary Behaviour and Nutritional Status among Adolescents (15-18 Years) with Autism Spectrum Disorder in Delhi: Counselling Intervention
260 _c2023
300 _a228
650 _aScience
700 _aUniversity of Delhi. Faculty of Science. Deptt. of Home Science
_91236642
942 _cTH
999 _c1849473
_d1849473